000 02670cam a2200313 a 4500
003 OSt
005 20210730133649.0
008 130716t 2013sp ad r 000 0 spa d
020 _a9788436828160
040 _aCO-BoPUJ
_cCO-JMCR
041 0 _aspa
082 0 4 _a332.632 /
_bV195o
_223
100 1 _aValls Martínez, María del Carmen,
_eautor
_938922
245 1 0 _aOperaciones financieras avanzadas /
_cMaría del Carmen Valls Martínez y Salvador Cruz Rambaud
260 _aMadrid, España :
_bEdiciones Pirámide,
_c2013.
300 _a387 páginas :
_bilustraciones, cuadros y gráficas ;
_c24 cm.
490 0 _aColección "Economía y empresa"
504 _aIncluye referencias bibliográficas.
505 _aOperaciones financieras simples. -- Operaciones financieras de ahorro. -- Depósitos bancarios o productos bancarios de pasivo. -- Operaciones de préstamo y crédito. -- Operaciones de leasing y renting. -- Operaciones negociables de renta fija a corto plazo. -- Operaciones negociables de renta fija a medio y largo plazo. -- Valoración. -- Productos financieros derivados. -- Operaciones bursátiles.
520 _aLas operaciones financieras son fundamentales en el mundo de la empresa y, como consecuencia de ello, ocupan un lugar preeminente en los planes de estudios de las facultades de Ciencias Económicas y Empresariales, situándose dentro de las materias obligatorias en los estudios de grado y posgrado. De ahí la necesidad de contar con manuales adaptados a las nuevas titulaciones y realizados de forma didáctica para que el alumno pueda, por sí mismo, comprender los conceptos estudiados. El libro se estructura en diez capítulos. En el primero de ellos se analizan las operaciones financieras simples; en el segundo y tercero, las operaciones bancarias pasivas; en el cuarto y quinto, las operaciones bancarias activas; en el sexto y séptimo, las operaciones negociables de renta fija a corto y largo plazo; en el octavo, las operaciones actuariales y de seguros; en el noveno, los productos financieros derivados, y en el décimo, las operaciones bursátiles. En cada capítulo se incluyen ejemplos prácticos resueltos que muestran la aplicación de los conocimientos teóricos adquiridos por los estudiantes, facilitando así su aprendizaje.
650 1 4 _aInstrumentos financieros
_938923
650 2 4 _aMatemáticas financieras
_910647
650 2 4 _aOperaciones bancarias
_938924
650 2 4 _aAhorro e inversión
_938925
650 2 4 _aDepósitos bancarios
_938843
700 1 _aCruz Rambaud, Salvador,
_eautor
_938926
942 _2ddc
_cBK
999 _c12045
_d12045